| 000 | 00418nam a2200181Ia 4500 | ||
|---|---|---|---|
| 008 | 220531s9999 xx 000 0 und d | ||
| 041 | _aeng | ||
| 082 |
_a- _bRAO |
||
| 100 |
_aRao, B. S. _971029 |
||
| 245 | _aOld And The New | ||
| 250 | _a1ST | ||
| 260 |
_aDelhi _bB.S. Rao _c2014 |
||
| 300 | _a194 | ||
| 542 | _d31-03-2015 | ||
| 650 |
_aShort Stories _971030 |
||
| 906 |
_d2014-2015 _f6415 |
||
| 999 |
_c39746 _d39746 |
||